000 01056cam a2200385 4500
001 ABS66974
008 030821n2003 000 0 eng u
035 _a(Sirsi) u123326
245 _aFocus 2003: Highlands and Islands
260 _c2003
490 _aEstates Gazette
_v(0332) 9 August 2003, 39-45(7)
590 _aABS
650 _aHIGHLANDS
650 _aSCOTLAND
650 _aISLANDS
650 _aCAITHNESS
650 _aSUTHERLAND
650 _aAVIEMORE
650 _aINVERNESS
650 _aLEWIS
650 _aHARRIS
650 _aBENBECULA
650 _aWESTERN ISLES
650 _aORKNEY
650 _aSHETLAND
650 _aRENEWABLE ENERGY
650 _aTOURISM
650 _aECONOMIC DEVELOPMENT
650 _aEUROPEAN AID
650 _aPROPERTY-COMMERCIAL PROPERTY-OFFICE PROPERTY-OFFICE PROPERTY MARKET
650 _aLEISURE MARKET
650 _aPROPERTY-COMMERCIAL PROPERTY-RETAIL PROPERTY-RETAIL PROPERTY MARKET
690 _aPROPERTY-COMMERCIAL PROPERTY-COMMERCIAL PROPERTY MARKET
942 _n0
999 _c73262
_d73262